000 00467nam a22001817a 4500
005 20260226094356.0
008 260226b |||||||| |||| 00| 0 eng d
020 _a978-1-856326-023-0
050 _aPR 5397 .S54 1999
_b1
100 _aSHELLEY , MARY
245 _aFRANKENSTEIN
260 _aWARE ,HERTFORDSHIRE
_bWORDWORTH
_c1999
300 _aXXIV , 175P
500 _aINCUIDES NOTES
650 _aFRANKENSTEIN
700 _aSHELLEY , MARY
942 _2lcc
_cBK
999 _c216681
_d216681